Satellite Images - Random World Cities - Statistics

General Stats
  • This quiz has been taken 274 times
  • The average score is 5 of 12
Answer Stats
Picture Answer % Correct
Cairo
100%
Lagos
100%
Paris
100%
Chicago
90%
Beijing
89%
Vatican City
88%
Los Angeles
85%
San Francisco
83%
Singapore
81%
Hongkong
80%
Dubai
78%
Riyadh
76%
Las Vegas
75%
New York City
73%
Tokyo
70%
Doha
67%
Istanbul
67%
Seattle
67%
Mumbai
64%
Monaco
61%
Baghdad
60%
Jakarta
60%
Naples
60%
Osaka
60%
Sydney
58%
Barcelona
56%
Philadelphia
56%
Prague
56%
St. Petersburg
56%
Amsterdam
54%
Berlin
50%
Chongqing
50%
Detroit
50%
Manila
50%
Miami
50%
Moscow
50%
Toronto
50%
Vienna
50%
Madrid
45%
Melbourne
45%
Kuala Lumpur
44%
Bogota
43%
Geneva
43%
Houston
43%
Tehran
43%
Lima
41%
Buenos Aires
40%
London
40%
Shenzhen
40%
Atlanta
38%
Copenhagen
33%
Kinshasa
33%
Santiago
33%
Sao Paulo
33%
Dallas
31%
Mexico City
31%
Rome
31%
Shanghai
31%
Seoul
29%
Jerusalem
21%
Nanjing
21%
Chengdu
20%
Kyiv
20%
Munich
20%
Nagoya
20%
Suzhou
20%
Lahore
18%
Brussels
15%
Karachi
15%
Wuhan
14%
Hangzhou
13%
Kolkata
13%
Rio de Janeiro
13%
Xian
10%
Yangon
9%
Bangkok
8%
Chennai
8%
Guangzhou
8%
Bangalore
7%
Ho Chi Minh City
7%
Frankfurt
6%
Hyderabad
6%
Luanda
6%
Tel Aviv
6%
Washington DC
5%
Alexandria
0%
Delhi
0%
Dhaka
0%
Johannesburg
0%
Panama City
0%
No matching quizzes found
Score Distribution
Percent of People with Each Score
Percentile by Number Answered
Your Score History
You have not taken this quiz